Online Catalogue and eLibrary

The women in question ; (Record no. 44)

MARC details
000 -LEADER
fixed length control field 00448nam a22001697a 4500
005 - DATE AND TIME OF LATEST TRANSACTION
control field 20231121011841.0
008 - FIXED-LENGTH DATA ELEMENTS--GENERAL INFORMATION
fixed length control field 231120b |||||||| |||| 00| 0 eng d
020 ## - INTERNATIONAL STANDARD BOOK NUMBER
ISBN 0860913163
082 ## - DDC Classification
DDC Edition Number 22
Class No. 305.401
245 ## - TITLE STATEMENT
Title The women in question ;
Statement of responsibility, etc. Parveen Adams, Elizabeth Cowie.
260 ## - PUBLICATION, DISTRIBUTION, ETC.
Place of publication, distribution, etc. London :
Name of publisher, distributor, etc. Verso ,
Date of publication, distribution, etc. 1990.
300 ## - PHYSICAL DESCRIPTION
Extent (e.g. Volumes, Pages etc.) vii, 383 p.
650 ## - SUBJECT ADDED ENTRY--TOPICAL TERM
Topical term or geographic name entry element Feminism.
700 ## - ADDED ENTRY--PERSONAL NAME
Personal name Adams, Parveen.
Relator term (Role) Editor
700 ## - ADDED ENTRY--PERSONAL NAME
Personal name Cowie, Elizabeth.
Relator term (Role) Editor
942 ## - Koha item type (Biblio)
Koha item type Books in Stacks (Lending)
Holdings
Lost status Damaged status Collection code Home library Current library Date acquired Full call number Accession Number Item type
    Lending WERC Library WERC Library 11/21/2023 305.401 2118 Books in Stacks (Lending)

© WERC Library